Geometry for architects
Збережено в:
| Автори: | , , , |
|---|---|
| Формат: | Книга |
| Мова: | Англійська |
| Опубліковано: |
Champaign
Stipes
1975
|
| Предмети: | |
| Теги: |
Додати тег
Немає тегів, Будьте першим, хто поставить тег для цього запису!
|
MARC
| LEADER | 00000nam a2200000 a 4500 | ||
|---|---|---|---|
| 001 | UCG4867 | ||
| 003 | CL-VaPUC | ||
| 008 | 101209e19750000US |||||||||||||||||eng|d | ||
| 082 | 0 | 4 | |a 516.15 |b WIL |2 21 |
| 100 | 0 | |a Wilson, G |e author |9 554340 | |
| 700 | 0 | |a Holladay, D. M |e author |9 554341 | |
| 700 | 0 | |a Shick, W. L |e author |9 554342 | |
| 700 | 0 | |a Shapiro, S. E |e author |9 554343 | |
| 245 | 1 | 0 | |a Geometry for architects |
| 300 | |a pág. irreg | ||
| 942 | |c BK | ||
| 945 | |d 20101209 00:00:00 |a dcastane | ||
| 260 | |a Champaign |b Stipes |c 1975 | ||
| 650 | 0 | |a Geometría |9 264063 | |
| 650 | 0 | |a Figuras geométricas |9 347994 | |
| 650 | 0 | |a Curvas |9 315148 | |
| 583 | |a last modification |c 20101209 00:00:00 |k Rodrigo Vera | ||
| 999 | |c 343471 |d 343469 | ||
| 952 | |0 0 |1 0 |4 0 |6 516_150000000000000_WIL_1975 |7 0 |8 R |9 440791 |a BIBARQ |b BIBARQ |d 2019-11-22 |i 474134K |o 516.15 WIL 1975 |p 474134K |r 2025-01-20 |w 2019-11-22 |y BK_R |k ARQ | ||